00414nam a2200181Ia 4500003000400000005001700004008004100021020001900062040000700081041000800088082001500096100001700111245003400128260002000162300000900182650002200191700001900213OSt20251212124752.0250729s2005 xx 000 0 und d a978-8188836055 cAL aeng a930.7 MATT aMathur Pawan aTeaching of political science aNew Delhic2005 a282p aPolitical Science aRao Digumurthi